Un film muet + Un film sonore = Une célébrité - Statistiques

Statistiques générales
  • Ce quiz a été pris 95 fois
  • Le résultat moyen est 4 sur 12
Statistiques - réponses
Film muet Film sonore Célébrité % Correct
. Jean Dujardin
99%
Les Temps Modernes (1936) Le Dictateur (1940) Charlie Chaplin
93%
The Artist (2011) OSS 117 : Le Caire, nid d'espions (2006) Bérénice Bejo
49%
Le Mécano de la « General » (1926) Les Feux de la rampe (1952) Buster Keaton
31%
Les cheveux d'or (1927) Fenêtre sur cour (1954) Alfred Hitchcock
30%
Metropolis (1927) M le Maudit (1931) Fritz Lang
28%
. Michel Hazanavicius
28%
La dernière folie de Mel Brooks (1976) Les Producteurs (1968) Mel Brooks
22%
La Chair et le Diable (1926) Ninotchka (1939) Greta Garbo
17%
Les Dix Commandements (1923) Sous le plus grand chapiteau du monde (1952) Cecil B. DeMille
10%
. Oliver Hardy
10%
Œil pour œil (1929) Livreurs, sachez livrer! (1932) Stan Laurel
10%
Aucun quiz correspondant
Distribution des résultats
% des personnes avec chaque résultat
Percentile par nombre de réponses
Votre historique - résultats
Vous n’avez pas pris ce quiz